00279nam a2200121Ia 4500008004100000082001600041100001600057245003000073250000800103260003000111300000800141650000800149191201s2011 xx 000 0 und d a346.06bMOB aMOSHAL, B.S 0aBusiness & Industrial Law aRep aN. DelhibAne Booksc2011 a418 aBBA